Biblioteca y Centro de Documentación

Propuesta de decisión del Consejo sobre la firma del Protocolo revisado relativo a la protección del mar Mediterráneo contra la contaminación de origen terrestre y del Protocolo relativo a la prevención de la contaminación del mar Mediterráneo resultante de los movimientos transfronterizos de desechos peligrosos y de su eliminación (Registro nro. 4586)

Detalles MARC
000 -CABECERA
Longitud fija campo de control 01634nam a2200397 c 4500
001 - NÚMERO DE CONTROL
Número de control 4586
003 - IDENTIFICADOR DE NÚMERO DE CONTROL
Identificador del número de control ES-MaCES
005 - FECHA Y HORA DE LA ÚLTIMA TRANSACCIÓN
Fecha y hora de la última transacción 20160629131848.0
008 - CAMPO FIJO DE DESCRIPCIÓN FIJA--INFORMACIÓN GENERAL
Códigos de información de longitud fija   960729s1996 lu ||| | spa d
020 ## - ISBN (INTERNATIONAL STANDARD BOOK NUMBER)
Número Internacional Normalizado para Libros (ISBN) 9278006173
035 ## - NÚMERO DE CONTROL DEL SISTEMA
Número de control del sistema CES19980046213m
040 ## - FUENTE DE CATALOGACIÓN
Centro catalogador de origen ES-MaCES
Lengua de catalogación spa
Centro transcriptor ES-MaCES
110 2# - ENCABEZAMIENTO PRINCIPAL--NOMBRE CORPORATIVO
9 (RLIN) 2014
Nombre de entidad corporativa o nombre de jurisdicción como elemento inicial Comisión de las Comunidades Europeas
245 10 - MENCIÓN DE TÍTULO
Título Propuesta de decisión del Consejo sobre la firma del Protocolo revisado relativo a la protección del mar Mediterráneo contra la contaminación de origen terrestre y del Protocolo relativo a la prevención de la contaminación del mar Mediterráneo resultante de los movimientos transfronterizos de desechos peligrosos y de su eliminación
Resto del título : (Convenio de Barcelona)
Mención de responsabilidad, etc. (presentada por la Comisión)
260 ## - PUBLICACIÓN, DISTRIBUCIÓN, ETC (PIE DE IMPRENTA)
Lugar de publicación, distribución, etc. Luxemburgo
Nombre del editor, distribuidor, etc. Oficina de Publicaciones Oficiales de las Comunidades Europeas
Fecha de publicación, distribución, etc. 1996
300 ## - DESCRIPCIÓN FÍSICA
Extensión 46 p.
Dimensiones 30 cm
490 1# - MENCIÓN DE SERIE
Mención de serie COM(96)
Designación de volumen o secuencia 63 final
500 ## - NOTA GENERAL
Nota general Tít. tomado de la cub.
650 #4 - ASIENTO SECUNDARIO DE MATERIA--TÉRMINO DE MATERIA
Término de materia o nombre geográfico como elemento inicial política comunitaria
9 (RLIN) 30776
650 #4 - ASIENTO SECUNDARIO DE MATERIA--TÉRMINO DE MATERIA
Término de materia o nombre geográfico como elemento inicial papel de la UE
9 (RLIN) 31557
650 #4 - ASIENTO SECUNDARIO DE MATERIA--TÉRMINO DE MATERIA
Término de materia o nombre geográfico como elemento inicial mar
9 (RLIN) 28826
650 #4 - ASIENTO SECUNDARIO DE MATERIA--TÉRMINO DE MATERIA
Término de materia o nombre geográfico como elemento inicial Mediterráneo
9 (RLIN) 29426
650 #4 - ASIENTO SECUNDARIO DE MATERIA--TÉRMINO DE MATERIA
Término de materia o nombre geográfico como elemento inicial contaminación del mar
9 (RLIN) 29748
650 #4 - ASIENTO SECUNDARIO DE MATERIA--TÉRMINO DE MATERIA
Término de materia o nombre geográfico como elemento inicial control de la contaminación
9 (RLIN) 28749
650 #4 - ASIENTO SECUNDARIO DE MATERIA--TÉRMINO DE MATERIA
Término de materia o nombre geográfico como elemento inicial protección ambiental
9 (RLIN) 29423
650 #4 - ASIENTO SECUNDARIO DE MATERIA--TÉRMINO DE MATERIA
Término de materia o nombre geográfico como elemento inicial substancias peligrosas
9 (RLIN) 30416
650 #4 - ASIENTO SECUNDARIO DE MATERIA--TÉRMINO DE MATERIA
Término de materia o nombre geográfico como elemento inicial desperdicio
9 (RLIN) 28267
650 #4 - ASIENTO SECUNDARIO DE MATERIA--TÉRMINO DE MATERIA
Término de materia o nombre geográfico como elemento inicial eliminación de basuras
9 (RLIN) 28744
650 #4 - ASIENTO SECUNDARIO DE MATERIA--TÉRMINO DE MATERIA
Término de materia o nombre geográfico como elemento inicial protocolo
9 (RLIN) 29904
650 #4 - ASIENTO SECUNDARIO DE MATERIA--TÉRMINO DE MATERIA
Término de materia o nombre geográfico como elemento inicial reforma legislativa
9 (RLIN) 29892
653 10 - TÉRMINO DE INDEXACIÓN--NO CONTROLADO
Término no controlado Medio ambiente
830 #0 - ENCABEZAMIENTO SECUNDARIO DE COLECCIÓN--TÍTULO UNIFORME
Título uniforme COM(96)
Designación de volumen o secuencia 63 final
9 (RLIN) 32432
902 ## - CES. TIPO DE DOCUMENTO
Tipodoc (006$c Sirtex) DOC Literatura gris
942 ## - ELEMENTOS KOHA
Fuente de clasificaión o esquema Clasificación propia del CES
Koha [por defecto] tipo de item Monografías
Parte de clasificación 4.2.
Existencias
Número de registro Signatura completa Tipo de item de Koha
015411 COM(96)63f Monografías
© CES, Consejo Económico y Social de España 2021